English Literature/ (Record no. 190621)

MARC details
000 -LEADER
fixed length control field 00536nam a22001817a 4500
005 - DATE AND TIME OF LATEST TRANSACTION
control field 20220801145017.0
010 ## - LCCN (DPL NO)
LC control number ENG-134117
020 ## - INTERNATIONAL STANDARD BOOK NUMBER
International Standard Book Number 9788179981535
Terms of availability 125.00
035 ## - SYSTEM CONTROL NUMBER
System control number EN-117649
037 ## - SOURCE OF ACQUISITION
Source of stock number/acquisition DBAB/PUB
082 ## - DEWEY DECIMAL CLASSIFICATION NUMBER
Classification number 800
100 ## - MAIN ENTRY--PERSONAL NAME
Personal name Hudson, William Henry
245 ## - TITLE STATEMENT
Title English Literature/
Statement of responsibility, etc William Henry Hudson
260 ## - PUBLICATION, DISTRIBUTION, ETC. (IMPRINT)
Place of publication, distribution, etc Jaipur
Name of publisher, distributor, etc Malik & Company
Date of publication, distribution, etc 2015
270 ## - ADDRESS
Address 337, Chaura Rasta
City Jaipur
Postal code 302003
Electronic mail address malikbooks337@yahoo.in
300 ## - PHYSICAL DESCRIPTION
Extent x, 318p.
Other physical details Index
Dimensions 22cm(pbk)
942 ## - ADDED ENTRY ELEMENTS (KOHA)
Source of classification or shelving scheme Dewey Decimal Classification
Item type English Books
Classification part 800
Call number suffix HUD
Holdings
Withdrawn status Lost status Not for loan Collection code Home library Current library Date acquired Source of acquisition Cost, normal purchase price Full call number Barcode Copy number Cost, replacement price Koha item type
      Non-fiction Bawana Bawana 01/08/2022 DBAD/PUB 125.00 800 HUD EN-117649 1 125.00 English Books

© Delhi Public Library
Hit Counter
free hit counter